Ot FORTRANa - k PL/1 osnovy jazyka PL/1

Salvato in:
Dettagli Bibliografici
Autore principale: Bezborodov, Jurij Michajlovič
Natura: Libro
Lingua:russo
Pubblicazione: Moskva Nauka 1984
Serie:Bibliotečka programmista
Tags: Aggiungi Tag
Nessun Tag, puoi essere il primo ad aggiungerne!!

MARC

LEADER 00000nam a2200000 4500
001 c113326
005 20041019155155.4
041 0 |a rus 
044 |a RU 
245 1 0 |a Ot FORTRANa - k PL/1  |b osnovy jazyka PL/1  |c Jurij Michajlovič Bezborodov 
264 1 |a Moskva  |b Nauka  |c 1984 
300 |a 207 s. 
490 1 |a Bibliotečka programmista 
830 0 |a Bibliotečka programmista 
100 1 |a Bezborodov, Jurij Michajlovič